{"text_format":"3","workbook":"xlsx","n_sheets":1,"sheets":["清单"],"not_rendered":{"images":3,"defined_names":2},"read":"whole","date_system":"1900"}

{"sheet":"清单","index":0,"n_rows":158,"n_cols":10,"rows_kept":158,"merged":[[0,0,0,9],[1,0,1,4],[1,5,1,6],[2,0,3,0],[2,1,3,1],[2,2,3,2],[2,3,3,3],[2,4,3,4],[2,5,2,8],[156,0,156,5],[157,0,157,9]]}
["2023年“P”项目装饰装修工程量清单"]
["工程名称：2023年“P”项目装饰装修工程","",null,"","","",""]
["序号","项目名称","项目特征","计量\n单位","工程量","金额（元）"]
["","",null,"","","全费用单价限价","合价","班组所报单价","合价","备注"]
["一","展板基础"]
[1.1,"混凝土地面切缝","1、切缝位置：混凝土地面；\n2、切缝厚度：综合；\n3、其他：加水抑尘切缝；","m",15.73,{"v":10,"d":"10.00"},{"$f":"F6*E6","v":{"v":157.3,"d":"157.30"}}]
[1.2,"混凝地面破碎","1、破碎厚度：200mm以内；\n2、破碎方式：自行考虑；\n3、其他：防溅射破碎，飞溅碎石采用挡板防护，幕墙玻璃防护；\n4、清理外运：投标人自行清运出场，弃置消纳费考虑在报价中","m2",3.23,{"v":40,"d":"40.00"},{"v":129.2,"d":"129.20"}]
[1.3,"沟槽土石方开挖","1.土石类别：各类土、石综合\n2.开挖类型：沟槽、基坑、场平综合\n3.开挖或开凿深度：按设计要求\n4.基底摊座要求：综合，由投标人综合考虑\n5.开挖方式、装土方式：综合，由投标人综合考虑\n6.土、石渣场内运输方式及运距：弃土包含上车费用，利旧回填土包含堆土防污染措施，投标人自行确定","m3",1.62,{"v":60,"d":"60.00"},{"v":97.2,"d":"97.20"}]
[1.4,"沟槽土石方回填","1.回填土质要求：回填后面层平整，严禁选用建筑垃圾土，淤泥、盐碱土，受重金属污染或其他有害成分的土壤；\n2.取土运距：场内，投标人自行考虑；\n3.回填厚度、位置：满足设计要求，回填位置包含沟槽、基坑、场平；\n4.其他：回填前土方筛细、拍挖铲细，筛料清运，营养土拌合，营养土由甲方提供；","m3",0.21,{"v":30,"d":"30.00"},{"v":6.3,"d":"6.30"}]
[1.5,"C20混凝土垫层","1、部位：混凝土垫层\n2、混凝土强度等级：C20砼，商品混凝土、浇筑方式投标人综合考虑，泵送费包含在综合单价内，不再另计；模板费用综合在投标报价内，不再单独另行计算；","m3",0.67,{"v":494.5,"d":"494.50"},331.32]
[1.6,"C30混凝土基础","1.部位：混凝土基础、条形基础、独立基础；\n2.混凝土强度等级：C30商品砼，浇筑方式投标人综合考虑，包含在综合单价内，不再另计；\n3.其余做法要求：满足设计及现行施工技术、质量验收规范要求","m3",1.22,{"v":517.5,"d":"517.50"},631.35]
[1.7,"现浇构件钢筋制安型号综合","1.钢筋种类、规格：钢筋规格综合；\n2.钢筋连接方式：各种连接方式、套筒连接等投标人综合考虑在报价中；\n3.部位：台阶混凝土基础及台阶地梁；\n4.弧形构件钢筋增加的费用，由投标人综合考虑，进入综合单价中\n","t",0.07,{"v":6900,"d":"6900.00"},{"v":483,"d":"483.00"}]
[1.8,"基础模板安拆","1.支模高度：综合\n2.模板类型：木模、组合钢模板、竹胶合板等综合\n3.支架材料：钢管、竹、木支架综合，断面尺寸、材质、工艺等符合设计和施工验收规范要求                                                               4.材料场内运输、转运费用已综合考虑在单价中","m2",5.95,{"v":70,"d":"70.00"},{"v":416.5,"d":"416.50"}]
[1.9,"预埋柱脚铁件","1.钢构件规格：综合；\n2.部位：独立基础；\n3.安装要求：成型构件","t",0.08,{"v":10000,"d":"10000.00"},{"v":800,"d":"800.00"}]
[{"v":1.1,"d":"1.10"},"弧形展板墙\n\n\n","1.隔墙体内填充物：无；\n2.龙骨类型：304不锈钢矩管。横龙骨主要采用100*50*6不锈钢管（弧形），竖龙骨主要采用100×100×6不锈钢管，竖向边龙骨主要采用100×50×6不锈钢管；\n3.面层板要求：双面5mm厚PVC板；\n4.颜色、固定方式：详设计图JS-12、JS-12-1、JS-12-2自行考虑；\n5.其他：包含灯槽线制作、结构固定、连接件、钢管焊接、预埋钢筋、灯线头开孔预留、挂贴衬板加固、隐形控制箱盒制作、隐形接线箱制作、面板缝无缝处理等工作内容，综合考虑在单价中；\n6.计量方式：墙体中心线延长长度乘以可视面装饰完成竖向投影高度；","m2",{"v":66.2,"d":"66.20"},{"v":598,"d":"598.00"},{"v":39587.6,"d":"39587.60"}]
[1.11,"耐火纸面石膏轻钢龙骨隔墙","1.隔墙体内填充物：80mm厚岩棉填充层（120Kg/m3）；\n2.轻钢龙骨类型：主要采用98.5×50×8U型横龙骨、间距1米，100×40×0.8mmC型横龙骨、间距0.4米，通贯龙骨自行考虑型号及间距；\n3.面层要求：15×2+15×2耐火纸面石膏板；\n4.固定方式：上方采用转换支架（另列清单），下方采用C型横龙骨M12化学螺栓固定在地枕混凝土上（地枕混凝土另列清单）；\n5.检修通道要求：制作2樘隐形门，隐形门门扇尺寸为700×2000mm，门内结构自行考虑，门把手送样定样确认；\n6.计量方式：墙体中心线延长长度乘以耐火石膏板双面铺贴平均高度；","m2",58.92,{"v":410,"d":"410.00"},{"v":24157.2,"d":"24157.20"}]
[1.12,"展板一展示字体","1、展示内容：字体；\n2.包含工作：字体内容详设计图纸JS-12所示全部内容，包含深化设计、排版、不同颜色字体安装等内容，产生费用由投标人综合考虑在单价中，","项",{"v":1,"d":"1.00"},{"v":10925,"d":"10925.00"},{"v":10925,"d":"10925.00"}]
[1.13,"展板二展示字体","1、展示内容：字体；\n2.包含工作：字体内容详设计图纸JS-12所示全部内容，包含深化设计、排版、不同颜色字体安装等内容，产生费用由投标人综合考虑在单价中，","项",{"v":1,"d":"1.00"},{"v":7475,"d":"7475.00"},{"v":7475,"d":"7475.00"}]
[1.14,"展板三展示字体","1、展示内容：字体；\n2.包含工作：字体内容详设计图纸JS-12所示全部内容，包含深化设计、排版、不同颜色字体安装等内容，产生费用由投标人综合考虑在单价中，","项",{"v":1,"d":"1.00"},{"v":8050,"d":"8050.00"},{"v":8050,"d":"8050.00"}]
[1.15,"展板一展示写真","1、展示内容：写真图片；\n2.包含工作：字体内容详设计图纸JS-12所示全部内容，包含深化设计、排版、写真图片优化、装饰边带、写真图片安装等内容，产生费用由投标人综合考虑在单价中，","项",{"v":1,"d":"1.00"},{"v":10925,"d":"10925.00"},{"v":10925,"d":"10925.00"}]
[1.16,"展板二展示写真","1、展示内容：写真图片；\n2.包含工作：字体内容详设计图纸JS-12-1所示全部内容，包含深化设计、排版、写真图片优化、装饰边带等内容，产生费用由投标人综合考虑在单价中，","项",{"v":1,"d":"1.00"},{"v":7475,"d":"7475.00"},{"v":7475,"d":"7475.00"}]
[1.17,"展板三展示写真","1、展示内容：写真图片；\n2.包含工作：字体内容详设计图纸JS-12-2所示全部内容，包含深化设计、排版、写真图片优化、装饰边带等内容，产生费用由投标人综合考虑在单价中，","项",{"v":1,"d":"1.00"},{"v":8050,"d":"8050.00"},{"v":8050,"d":"8050.00"}]
["二","地面工程"]
[2.1,"6~8mm厚600×600防滑地砖","1.找平层：另列清单，按实计量；\n2.结合层厚度、做法：20mm厚1:2（重量比）水泥砂浆结合层；\n3.面层材料种类、厚度、规格：6~8mm厚600×600防滑地砖，规格综合考虑，包含材料下车、送样定样、保管、场内二次转运、排版、二次切割、完工清理、完工成品保护相关费用。\n4.勾缝要求：水泥浆擦缝；\n5.其他要求：成品保护膜覆盖。\n6.品牌：冠珠、新中源、东鹏任选其一","m2",62.21,155.25,{"$f":"F24*E24","v":{"v":9658.1,"d":"9658.10"}}]
[2.2,"60mm厚1：3水泥砂浆掺防水剂防潮层找平层","1.部位：室内地面；\n2.找平层砂浆强度等级：60mm厚1：3水泥砂浆掺5%防水剂防潮层找平层；\n3.其余做法要求：包含地面找平灰饼制作、灰饼上钢筋标高制作、分隔缝间距5m分隔、表面无分层无脱浆漏石处理等相关措施费；\n4.计量方式：以实际实施面积收方计量；","m2",417.21,63.25,{"$f":"F25*E25","v":26388.53}]
[2.3,"每增减10mm厚1：3水泥砂浆掺防水剂防潮层找平层","1.部位：找平层砂浆增加层；\n2.找平层砂浆强度等级：增加10mm厚1：3水泥砂浆掺5%防水剂防潮层找平层；\n3.其余做法要求：包含地面找平灰饼制作、灰饼上钢筋标高制作、分隔缝间距5m分隔、表面无分层无脱浆漏石处理等相关措施费；\n4.计量方式：以实际实施面积收方平均厚度计量，每超10mm厚计量一次，未满10mm厚不计；","m2",{"v":300,"d":"300.00"},17.25,{"$f":"F26*E26","v":{"v":5175,"d":"5175.00"}}]
[2.5,"环氧彩砂地面","1.材料规格：2~3mm厚环氧彩色砂浆面层，颜色搭配打样定样确认；\n2.底层：环氧底层涂料一道；\n3.基层：6~8mm厚水泥自流平一道；\n4.界面剂：水泥基自流平界面剂两道","m2",417.21,86.25,{"$f":"F27*E27","v":35984.36}]
[2.6,"40mm厚C20细石混凝土","1.找平层规格、型号：40mm厚C20细石混凝土找平层；\n2.其他施工前清理地面及门槛交界处建渣，地面洒水湿润；","m2",417.21,{"v":30,"d":"30.00"},{"v":12516.3,"d":"12516.30"}]
[2.7,"改性沥青一布四涂防水层","1.防水层规格、型号：改性沥青一布四涂，厚度综合考虑；\n2.其他：施工前需确保‌基层坚实、平整、干燥、无油污和浮尘，阴阳角应抹成圆弧形（半径不小于50mm），裂缝或凹陷处需用砂浆修补平整。","m2",417.21,40.25,{"v":16792.7,"d":"16792.70"}]
[2.8,"钢筋混凝土线条基础","1.线条基础规格尺寸：100×200mm，C25混凝土；\n2.钢筋要求：竖向200mm长HRB400φ12间距20cm，横向贯通钢筋为HRB400φ10mm，钢筋间固定方式综合；\n3.模板要求：自行综合考虑在投标单价中；\n4.包含：钢筋、混凝土、模板措施等费用；\n5.计量方式：地枕中心线延长米计量；","m",18.15,{"v":34.5,"d":"34.50"},626.18]
[2.9,"φ12植筋","1.植筋深度：大于100mm；\n2.包含：清孔、湿润、专用植筋胶、抗拔试验、灰尘清运等工作；","根",{"v":90,"d":"90.00"},{"v":9.2,"d":"9.20"},{"v":828,"d":"828.00"}]
[{"v":2.1,"d":"2.10"},"1200×200×15厚碳镁地板地台","1.地台面层：1200×200×15厚碳镁地板；\n2.底板：2mm厚热镀锌钢板；\n3.龙骨：30×50×2mm304不锈钢龙骨与50×50×2不锈钢@500mm纵横单层布置、焊接；\n4.计量方式：碳镁板展开面积计量；","m2",56.78,{"v":598,"d":"598.00"},33954.44]
[2.11,"万能支撑器A","1.规格型号：DN150mm，调节范围80mm~120mm，PP材质；\n2.固定方式：M6膨胀螺栓固定；","个",{"v":55,"d":"55.00"},40.25,2213.75]
[2.12,"万能支撑器B","1.规格型号：DN150mm，调节范围220mm~320mm，PP材质；\n2.固定方式：M6膨胀螺栓固定；","个",{"v":96,"d":"96.00"},{"v":29.9,"d":"29.90"},{"v":2870.4,"d":"2870.40"}]
[2.13,"不锈钢支撑器","1.规格型号：80×80×3不锈钢立柱，柱底采用不锈钢端板74×74×3mm；\n2.固定方式：M6膨胀螺栓固定；","个",{"v":6,"d":"6.00"},97.75,{"v":586.5,"d":"586.50"}]
[2.14,"30×30×2mmL型不锈钢亚光面边条","1.规格型号：30×30×2mmL型不锈钢亚光面边条；\n2.固定方式：免钉胶粘结固定；","m",{"v":52,"d":"52.00"},{"v":138,"d":"138.00"},{"v":7176,"d":"7176.00"}]
[2.15,"透水混凝土展示地柜","1.面层材料：8×1.5PVB+8钢化夹膜玻璃，边框、骨架采用304 20×20×3不锈钢等边角钢、矩管；\n2.尺寸：600mm宽，内弧长1.95米，外弧长2.9米；\n3.包含工作：意向施工图详JS-14所有图纸，工作内容包含图纸深化设计、展示材料分层铺设、玻璃激光蚀刻、不锈钢文字、不锈钢LOGO、钢管支撑、整体加固、基础固定等所有工作及成品保护工作；","项",{"v":1,"d":"1.00"},{"v":7475,"d":"7475.00"},{"v":7475,"d":"7475.00"}]
[2.16,"M5水泥砂浆砌MU10实心砖地台砌体","1.砌体等级：M5水泥砂浆砌MU10实心砖；\n2.部位：地台；\n3.材料要求：自行考虑砂浆自拌或商混","m3",4.35,{"v":690,"d":"690.00"},{"v":3001.5,"d":"3001.50"}]
[2.17,"C20混凝土垫层","1.混凝土等级：C20；\n2.部位及厚度：部位综合，厚度综合；\n3.材料要求：商品混凝土；\n4.包含：模板措施、转运、余料清运等费用自行考虑；","m3",4.85,{"v":494.5,"d":"494.50"},2398.33]
[2.19,"15×3mm厚304不锈钢分隔条（弧形）","1.材料规格：15×3mm厚304不锈钢（弧形）\n2.固定方式：详JS-15-1号图自行考虑","m",{"v":13.7,"d":"13.70"},{"v":69,"d":"69.00"},{"v":945.3,"d":"945.30"}]
["三","天棚工程"]
[3.1,"迭级9.5mm厚耐火纸面石膏板吊顶（含弧形）","1.部位：展厅室内；\n2.吊顶形式、吊杆规格、高度：植入φ8mm吊环，双向吊点，中距900~1200mm，高度综合设计考虑；\n3.龙骨材料种类、规格、中距：轻钢承载龙骨C38×12×1mm，中距≤1200mm，采用吊杆与吊杆连接后找平；轻钢龙骨覆面，次龙骨C50×19×0.5mm，间距400mm，用挂件与承载龙骨连接；轻钢龙骨覆面横撑龙骨C50×19×0.5mm，间距600，用挂件与次龙骨连接；\n4.基层材料种类、规格：9.5mm厚耐火纸面石膏板吊顶，采用不锈钢自攻螺丝固定，中距≤200mm，螺丝钉距板长边≥10mm，短边≥15mm；\n5.其他：包含自攻螺钉刷防锈漆、检修口、开灯孔、F型龙骨、L型成品护角收边条、风口周边的加强处理及收边收口、吊灯的加固处理等费用由投标人自行考虑，满足招标施工图所指现行施工验收规范及细部做法要求，综合在投标报价中；\n6.计量面积：按天棚面层实施的水平投影面积计算，不扣除升降遮光帘占位面积，扣除面积按2020四川省定额规定执行；","m2",410.85,{"v":240,"d":"240.00"},{"$f":"F42*E42","v":{"v":98604,"d":"98604.00"}}]
[3.2,"天棚抗菌耐水易洁型无机涂料","1.找平层：耐水腻子粉，含面板接处贴嵌缝带；打磨、刮涂，平整度及细腻度达到甲方要求，不少于两遍；\n2.面层材料品种、规格：抗菌耐水易洁型无机涂料，一层底漆，两层面漆，颜色要求为白色、蓝黑色，详设计图纸颜色布局及色卡要求，以打样定样为准；\n3.其他：满足招标施工图所指现行施工验收规范要求，综合在投标报价中\n4.品牌范围：立邦、多乐士、三棵树任选其一","m2",584.41,{"v":35,"d":"35.00"},{"$f":"F43*E43","v":20454.35}]
[3.3,"150mm宽灯槽","1.基层板：12mm厚防火板基层；\n2.面层封板：3mm厚亚克力全透光片；\n3.安装要求：固定方式综合考虑；\n4.计量方式：灯槽水平投影中心延长线×0.15米计量按平方米结算，侧面70mm高耐火石膏板不另行计量，包含在投标单价中；","m2",16.89,51.75,{"$f":"F44*E44","v":874.06}]
[3.4,"400mm宽×1.5mm厚304镜面不锈钢板","1.面层材料：1.5mm厚304镜面不锈钢；\n2.宽度：水平投影可视面400mm宽，折边按设计图纸综合考虑在投标报价中；\n3.基层板：综合考虑；\n4.固定方式：M3.5不锈钢十字沉头自攻螺丝固定天棚龙骨连接；\n5.计量方式：镜面不锈钢水平投影中心延长线×0.4米计量按平方米结算，侧面、折边等不另行计量，包含在投标单价中\n","m",7.54,{"$f":"(165*0.4+20)*1.15","v":{"v":98.9,"d":"98.90"}},{"$f":"F45*E45","v":745.71}]
[3.5,"透光A级膜灯箱吊顶天棚","1.吊顶形式、吊杆规格、高度：植入φ8mm吊环，双向吊点，中距900~1200mm，高度综合设计考虑；\n2.龙骨材料种类、规格、中距：轻钢承载龙骨C38×12×1mm，中距≤1200mm，采用吊杆与吊杆连接后找平；轻钢龙骨覆面，次龙骨C50×19×0.5mm，间距400mm，用挂件与承载龙骨连接；轻钢龙骨覆面横撑龙骨C50×19×0.5mm，间距600，用挂件与次龙骨连接；\n3.基层材料种类、规格：9.5mm厚耐火纸面石膏板吊顶，采用不锈钢自攻螺丝固定，中距≤200mm，螺丝钉距板长边≥10mm，短边≥15mm；\n3.基层材料种类、规格：12mm厚防火板（含侧面封板）\n4.面层材料品种、规格：透光A级膜，材质、厚度综合，以甲方选样为准；边部卡扣边条为2mm厚30×30mm黑色不锈钢，透光膜压边造型详设计综合考虑，便于检修；\n5.其他：专用连接件、专用连接轴、自攻螺钉刷防锈漆、灯槽、开孔、检修口、L型成品护角收边条处理等费用由投标人自行考虑；并满足招标施工图所指现行施工验收规范要求，综合在投标报价中；\n7.计量方式：不锈钢边条及透光膜围合水平投影面积计量；","m2",3.14,{"v":340,"d":"340.00"},{"$f":"F46*E46","v":{"v":1067.6,"d":"1067.60"}}]
[3.6,"平顶9.5mm厚耐火纸面石膏板吊顶","1.吊顶形式、吊杆规格、高度：植入φ8mm吊环，双向吊点，中距900~1200mm，高度综合设计考虑；\n2.龙骨材料种类、规格、中距：轻钢承载龙骨C38×12×1mm，中距≤1200mm，采用吊杆与吊杆连接后找平；轻钢龙骨覆面，次龙骨C50×19×0.5mm，间距400mm，用挂件与承载龙骨连接；轻钢龙骨覆面横撑龙骨C50×19×0.5mm，间距600，用挂件与次龙骨连接；\n3.基层材料种类、规格：9.5mm厚耐火纸面石膏板吊顶，采用不锈钢自攻螺丝固定，中距≤200mm，螺丝钉距板长边≥10mm，短边≥15mm；\n4.其他：包含自攻螺钉刷防锈漆、检修口、开灯孔、F型龙骨、L型成品护角收边条、风口周边的加强处理及收边收口、吊灯的加固处理等费用由投标人自行考虑，满足招标施工图所指现行施工验收规范及细部做法要求，综合在投标报价中；","m2",{"v":54.1,"d":"54.10"},{"v":220,"d":"220.00"},{"$f":"F47*E47","v":{"v":11902,"d":"11902.00"}}]
[3.7,"石膏板窗帘盒(200×150mm)","1.窗帘盒宽×高尺寸：200×150mm\n2.龙骨材料种类、规格、中距：轻钢承载龙骨C38×12×1mm，中距≤1200mm，采用吊杆与吊杆连接后找平；轻钢龙骨覆面，次龙骨C50×19×0.5mm，间距400mm，用挂件与承载龙骨连接；轻钢龙骨覆面横撑龙骨C50×19×0.5mm，间距600，用挂件与次龙骨连接；\n3.基层材料种类、规格：9.5mm厚耐火纸面石膏板吊顶，采用不锈钢自攻螺丝固定，中距≤200mm，螺丝钉距板长边≥10mm，短边≥15mm\n3.基层材料种类、规格：3mm厚Z型搭扣固定镀锌钢板，具体尺寸详设计图纸综合考虑，靠墙搭扣长度不小于150mm，侧板搭扣长度不小于120mm，固定采用M12不锈钢化学螺栓固定在防火板基层；12mm厚防火板基层局部增加支撑板加固\n4.面层材料品种、规格、品牌、颜色：9.5mm厚耐火纸面石膏板；\n5.面漆：已另单列项\n6.暗藏灯带开槽、轨道灯开槽、其余开槽、其余开孔(包括不限于灯孔、检修孔、风口孔等其他开孔）及收边收口处理综合考虑在投标报价中\n7.计量方式：形成200×150凹面槽盒状水平投影中心线延长米计量，未形成凹面按其所临近天棚吊顶计算；","m",131.34,40.25,5286.44]
[3.8,"石膏板窗帘盒(200mm宽，高度150mm~650mm)","1.窗帘盒宽×高尺寸：200×150~650mm\n2.龙骨材料种类、规格、中距：轻钢承载龙骨C38×12×1mm，中距≤1200mm，采用吊杆与吊杆连接后找平；轻钢龙骨覆面，次龙骨C50×19×0.5mm，间距400mm，用挂件与承载龙骨连接；轻钢龙骨覆面横撑龙骨C50×19×0.5mm，间距600，用挂件与次龙骨连接；\n3.基层材料种类、规格：9.5mm厚耐火纸面石膏板吊顶，采用不锈钢自攻螺丝固定，中距≤200mm，螺丝钉距板长边≥10mm，短边≥15mm\n3.基层材料种类、规格：3mm厚Z型搭扣固定镀锌钢板，具体尺寸详设计图纸综合考虑，靠墙搭扣长度不小于150mm，侧板搭扣长度不小于120mm，固定采用M12不锈钢化学螺栓固定在防火板基层；12mm厚防火板基层局部增加支撑板加固\n4.面层材料品种、规格、品牌、颜色：9.5mm厚耐火纸面石膏板；\n5.面漆：已另单列项\n6.暗藏灯带开槽、轨道灯开槽、其余开槽、其余开孔(包括不限于灯孔、检修孔、风口孔等其他开孔）及收边收口处理综合考虑在投标报价中\n7.计量方式：形成200mm宽凹面槽盒状水平投影中心线延长米计量，未形成凹面按其所临近天棚吊顶计算；","m",32.81,{"v":55.2,"d":"55.20"},1811.11]
[3.9,"300×300×0.8铝合金方板吊顶","1.部位：卫生间；\n2.吊顶形式、吊杆规格、高度：植入φ6mm吊环，双向吊点，中距900~1200mm；M6全牙吊杆与吊环后置紧固件连接，双向中距≤1200mm，高度综合设计考虑；\n3.龙骨材料种类、规格、中距：U型轻钢承载龙骨C38×12×1.0mm，中距≤1200mm，采用吊杆与钢筋吊杆连接后找平；T型轻钢主龙骨24×32×0.27×0.27mm，间距300mm，T型轻钢次龙骨24×28×0.27×0.27mm，间距300mm；\n4.面层材料材料种类、规格：300×300×0.8铝合金方板吊顶；\n5.其他：包含自攻螺钉刷防锈漆、检修口、开灯孔、F型龙骨、L型成品护角收边条、风口周边的加强处理及收边收口、吊灯的加固处理等费用由投标人自行考虑，满足招标施工图所指现行施工验收规范及细部做法要求，综合在投标报价中；\n6.计量面积：按天棚面层实施的水平投影面积计算，不扣除升降遮光帘占位面积，扣除面积按2020四川省定额规定执行；","m2",{"v":32,"d":"32.00"},189.75,{"v":6072,"d":"6072.00"}]
["四","墙体、墙面工程"]
[4.1,"砖砌体隔墙 ","1.砌体要求：M7.5砂浆砌MU10砖砌体；\n2.砌筑高度：综合","m3",6.54,{"v":690,"d":"690.00"},{"v":4512.6,"d":"4512.60"}]
[4.2,"墙面15mm厚1:3水泥砂浆抹灰","1.砂浆厚度、规格：15mm厚1:3水泥砂浆；\n2.挂网要求：满挂，材质综合；\n3.抹灰要求：达到涂料基层要求","m2",65.36,{"v":26,"d":"26.00"},1699.36]
[4.3,"C25构造柱","1.材料规格、型号：C25混凝土；\n2.部位：构造柱；\n3.包含模板、钢筋、混凝土，综合考虑在报价中","m3",0.61,{"v":2070,"d":"2070.00"},{"v":1262.7,"d":"1262.70"}]
[4.4,"C25圈梁","1.材料规格、型号：C25混凝土；\n2.部位：圈梁；\n3.包含模板、钢筋、混凝土，综合考虑在报价中","m3",0.26,{"v":1897.5,"d":"1897.50"},493.35]
[4.5,"耐火纸面石膏弧形轻钢龙骨隔墙","1.隔墙体内填充物：80mm厚岩棉填充层（120Kg/m3）；\n2.轻钢龙骨类型：主要采用U型、C型横龙骨，间距1米，通贯龙骨自行考虑型号及间距；\n3.面层要求：15×2+15×2耐火纸面石膏板；\n4.固定方式：上方采用转换支架（另列清单），下方采用C型横龙骨M12化学螺栓固定在地枕混凝土上（地枕混凝土另列清单）；\n5.检修通道要求：制作2樘隐形门，隐形门门扇尺寸为700×2000mm，门内结构自行考虑，门把手送样定样确认；\n6.计量方式：墙体中心线延长长度乘以耐火石膏板双面铺贴平均高度；","m2",70.42,{"v":414,"d":"414.00"},29153.88]
[4.6,"L50×4镀锌角钢转换支架","1.转换支架要求：整体焊接L型支架，采用L50×4镀锌角钢，间距及长度经发包人确认后加工、安装；\n2.固定方式：结构转换处采用M12不锈钢化学螺栓固定；\n3.计量方式：按支架重量现场收方计量，螺栓及钻孔不计，综合考虑在报价中","T",0.62,{"v":8625,"d":"8625.00"},{"v":5347.5,"d":"5347.50"}]
[4.7,"墙面无机涂料","1.找平层：耐水腻子粉，含面板接处贴嵌缝带；打磨、刮涂，平整度及细腻度达到甲方要求，不少于两遍；\n2.面层材料品种、规格：抗菌耐水易洁型无机涂料，一层底漆，两层面漆，颜色要求为白色、蓝黑色，详设计图纸颜色布局及色卡要求，以打样定样为准；\n3.其他：满足招标施工图所指现行施工验收规范要求，综合在投标报价中\n4.品牌范围：立邦、多乐士、三棵树任选其一","m2",333.16,{"v":35,"d":"35.00"},{"v":11660.6,"d":"11660.60"}]
[4.8,"120×10黑钛金收边条","1.规格型号：120×10黑钛金收边条；\n2.固定方式：免钉胶粘结固定；\n3.其他：折边、碰角自行综合考虑；","m",39.98,212.75,8505.75]
[4.9,"20×20×1铝合金收边线（弧形）","1.规格型号：20×20×1铝合金收边线（弧形）；\n2.固定方式：结构胶固定；\n3.其他：折边、碰角自行综合考虑；","m",24.86,40.25,1000.62]
[{"v":4.1,"d":"4.10"},"20×20×1铝合金收边线（直线段）","1.规格型号：20×20×1铝合金收边线（直线段）；\n2.固定方式：结构胶固定；\n3.其他：折边、碰角自行综合考虑；","m",29.46,28.75,846.98]
[4.11,"湖蓝色饰面防火板","1.面层材料：1220×2440×1mm厚防火板，湖蓝色饰面防火板；\n2.粘接材料：D460环氧树脂；","m2",45.51,189.75,8635.52]
[4.12,"仿胡桃木饰面防火板","1.面层材料：1mm厚防火板，仿胡桃木饰面；\n2.粘接材料：D460环氧树脂；","m2",10.53,189.75,1998.07]
[4.13,"80×40×0.8mm仿胡桃木铝合金格栅","1.格栅要求：边框及竖管采用80×40×0.8mm仿胡桃木铝合金格栅；\n2.固定方式及成品方式：固定自行考虑，现场成品安装；","m2",9.05,{"v":500,"d":"500.00"},{"v":4525,"d":"4525.00"}]
[4.14,"LOGO发光字（柏木溪生态公园海绵城市科普馆）","1.发光字体内容：柏木溪生态公园海绵城市科普馆；\n2.LOGO样式：详设计图纸JS-18-5号图纸；\n3.包含：接线及端子、变压器等，隐藏式安装；\n4.固定方式：自行考虑；\n5.其他：需深化设计确认，如字体高度、形式、灯光展示效果等，考虑在投标单价中；","组",{"v":1,"d":"1.00"},{"v":2990,"d":"2990.00"},{"v":2990,"d":"2990.00"}]
[4.15,"300×600×20芝麻灰花岗岩地台贴面","1.结合层厚度、做法：20mm厚1:2.5（重量比）水泥砂浆粘结；\n2.面层材料种类、厚度、规格：20mm厚芝麻灰花岗岩墙面砖，包含材料下车、场内二次转运、排版、二次切割、完工清理、完工成品保护相关费用；","m2",{"v":22,"d":"22.00"},{"v":149.5,"d":"149.50"},{"v":3289,"d":"3289.00"}]
["五","成品定制工程"]
[5.1,"2.05米高广告牌","1.面层材料：主要采用10mm厚白色亚克力板，10×15不锈钢香槟金不锈钢收边，内配不锈钢矩管骨架；\n2.尺寸：展板宽度为1030mm，装饰完成面可视高度为2.05米；\n3.包含工作：意向施工图详JS-27所有图纸，工作内容包含图纸深化设计、展示内容、钢板底座、矩管骨架等JS-27意向图纸中所有工作及调试、成品保护工作；","个",{"v":2,"d":"2.00"},{"v":4025,"d":"4025.00"},{"$f":"F68*E68","v":{"v":8050,"d":"8050.00"}}]
[5.2,"沙盘基座","1.面层材料：主要采用不锈钢龙骨焊接主体造型，基座外饰面采用1mm厚不锈钢烤漆（白色）面层，沙盘基座板采用15mm厚耐火板+2mm厚镀锌铁皮；\n2.尺寸：基座面层完成面投影尺寸为4200mm，最大宽度为1540mm；\n3.包含工作：意向施工图详JS-28所有图纸，工作内容包含活动检修口制作、钢板底座、矩管骨架等JS-27意向图纸中所有工作及调试、成品保护工作；","项",{"v":1,"d":"1.00"},{"v":20125,"d":"20125.00"},{"v":20125,"d":"20125.00"}]
[5.3,"沙盘","1.施工内容：JS-28、JS28-1意向图所示沙盘意向内容，由投标人深化设计经甲方确认后安装模型内容全部内容；\n2.包含工作：沙盘边框亚克力壁、线性灯带、水雾喷头、自复按钮开关、沙盘实、沙盘字体制作、光源制作、设备间电缆连接、设备间排水导管、给水装置及配管、沙盘控制系统、蓄水池安装、相应基础固定加固等JS-28、JS28-1意向图纸中所有工作及调试、成品保护工作","项",{"v":1,"d":"1.00"},{"v":30475,"d":"30475.00"},{"v":30475,"d":"30475.00"}]
[5.4,"成品椰壳花盆","1.材料规格型号：φ300mm成品椰壳花盆，采用不锈钢链挂钩固定；\n2.包含工作内容：固定挂钩、铝板开孔、挂钩植筋、绿植及腐殖土安装、成品椰壳花盆安装等工作；","个",{"v":15,"d":"15.00"},74.75,1121.25]
[5.5,"成品定制不锈钢花箱","1.定制尺寸：（L）0.8×（W）0.8×（H）0.8m；\n2.LOGO要求：金属烤漆，500×200mm，含深化设计；\n3.字体要求：详设计JS-30施工图所示内容，含深化设计；\n4.其他要求：304不锈钢，箱体厚度2mm，受力构件2.5mm厚，竖向分隔线条间距30mm，含泄水孔开孔，种植土回填，PE蓄排水板安装，土工布安装等JS-30施工图所示内容，综合考虑在报价单价中","个",{"v":3,"d":"3.00"},{"v":1437.5,"d":"1437.50"},{"v":4312.5,"d":"4312.50"},null,null,{"$f":"_xlfn.DISPIMG(\"ID_71E7F806F24A46D5942BCD2AB1F0E495\",1)","v":"=DISPIMG(\"ID_71E7F806F24A46D5942BCD2AB1F0E495\",1)"}]
[5.6,"成品定制不锈钢花箱","1.定制尺寸：（L）1.5×（W）0.5×（H）0.6m；\n2.LOGO要求：金属烤漆，500×200mm，含深化设计；\n3.字体要求：详设计JS-30施工图所示内容，含深化设计；\n4.其他要求：304不锈钢，箱体厚度2mm，受力构件2.5mm厚，竖向分隔线条间距30mm，含泄水孔开孔，种植土回填，PE蓄排水板安装，土工布安装等JS-30施工图所示内容，综合考虑在报价单价中","个",{"v":6,"d":"6.00"},{"v":4025,"d":"4025.00"},{"v":24150,"d":"24150.00"},null,null,{"$f":"_xlfn.DISPIMG(\"ID_E401B9988E4C493DA7919047E34CA0FA\",1)","v":"=DISPIMG(\"ID_E401B9988E4C493DA7919047E34CA0FA\",1)"}]
["六","安装工程"]
[6.1,"单联单控开关","1.名称：单联单控开关\n2.型号、规格：详设计，以甲方选样为准\n3.安装形式、高度：详设计综合考虑\n4.满足规范及招标人使用功能要求；样式、颜色由招标人定样确定\n5.选用品牌：西门子、飞雕、正泰、德力西任选其一","个",{"v":1,"d":"1.00"},{"v":18.4,"d":"18.40"},{"v":18.4,"d":"18.40"}]
[6.2,"双联单控开关","1.名称：双联单控开关\n2.型号、规格：详设计，以甲方选样为准\n3.安装形式、高度：详设计综合考虑\n4.满足规范及招标人使用功能要求；样式、颜色由招标人定样确定\n5.选用品牌：西门子、飞雕、正泰、德力西任选其一","个",{"v":1,"d":"1.00"},{"v":20.7,"d":"20.70"},{"v":20.7,"d":"20.70"}]
[6.3,"三联单控开关","1.名称：三联单控开关\n2.型号、规格：详设计，以甲方选样为准\n3.安装形式、高度：详设计综合考虑\n4.满足规范及招标人使用功能要求；样式、颜色由招标人定样确定\n5.选用品牌：西门子、飞雕、正泰、德力西任选其一","个",{"v":1,"d":"1.00"},{"v":25.3,"d":"25.30"},{"v":25.3,"d":"25.30"}]
[6.4,"四联单控开关","1.名称：四联单控开关\n2.型号、规格：详设计\n3.安装形式：综合考虑\n4.满足规范及招标人使用功能要求；样式、颜色由招标人定样确定\n5.选用品牌：西门子、飞雕、正泰、德力西任选其一","个",{"v":2,"d":"2.00"},{"v":29.9,"d":"29.90"},{"v":59.8,"d":"59.80"}]
[6.5,"暗装五孔插座","1.名称：暗装五孔插座\n2.型号、规格：220V，16A，以甲方选样为准\n3.安装形式、高度：设计图纸标识高度或甲方指定\n4.满足规范及招标人使用功能要求；样式、颜色由招标人定样确定\n5.选用品牌：西门子、飞雕、正泰、德力西任选其一","个",{"v":5,"d":"5.00"},24.15,120.75]
[6.6,"不锈钢防水双五孔插座","1.名称：不锈钢防水五孔插座\n2.型号、规格：220V，16A，双五孔，以甲方选样为准\n3.安装形式、高度：设计图纸标识高度或甲方指定\n4.满足规范及招标人使用功能要求；样式、颜色由招标人定样确定\n5.选用品牌：西门子、飞雕、正泰、德力西任选其一","个",{"v":1,"d":"1.00"},{"v":126.5,"d":"126.50"},{"v":126.5,"d":"126.50"}]
[6.7,"接线盒","1.名称：86型接线盒 \n2.材质：PVC\n3.规格：与配管配套","个",{"v":11,"d":"11.00"},3.45,37.95]
[6.8,"电力电缆JHS3×4mm2","1.名称：电缆配线\n2.配线形式：管内、线槽、桥架综合考虑\n3.导线型号、材质、规格：电气配线  JHS3×4mm2\n5.选用品牌：塔牌、熊猫、长城电缆品牌任选其一","m",{"v":30,"d":"30.00"},{"v":20.7,"d":"20.70"},{"v":621,"d":"621.00"}]
[6.9,"电气配线 WDZB1-BYJ-2.5mm2","1.名称：电气配线\n2.配线形式：管内、线槽、桥架综合考虑\n3.导线型号、材质、规格：电气配线  WDZB1-BYJ-2.5mm2\n4.选用品牌：塔牌、熊猫、长城电缆品牌任选其一","m",{"v":900,"d":"900.00"},5.75,{"v":5175,"d":"5175.00"}]
[{"v":6.1,"d":"6.10"},"电气配线 WDZB1-BYJ-4mm2","1.名称：电气配线\n2.配线形式：管内、线槽、桥架综合考虑\n3.导线型号、材质、规格：电气配线  WDZB1-BYJ-4mm2\n4.选用品牌：塔牌、熊猫、长城电缆品牌任选其一","m",{"v":600,"d":"600.00"},7.48,{"v":4488,"d":"4488.00"}]
[6.11,"电气配线 WDZB1-BYJ-6mm2","1.名称：电气配线\n2.配线形式：管内、线槽、桥架综合考虑\n3.导线型号、材质、规格：电气配线  WDZB1-BYJ-6mm2\n4.选用品牌：塔牌、熊猫、长城电缆品牌任选其一","m",{"v":1250,"d":"1250.00"},8.63,{"v":10787.5,"d":"10787.50"}]
[6.12,"广播配线RVV2×2.5mm2","1.名称 ：配线\n2.配线形式 综合考虑\n3.型号 ：RVV-2×2.5mm2\n4.选用品牌：塔牌、熊猫、长城电缆品牌任选其一","m",{"v":70,"d":"70.00"},{"v":11.5,"d":"11.50"},{"v":805,"d":"805.00"}]
[6.13,"阻燃塑料管PC20","1.名称：电气配管\n2.材质：阻燃塑料管\n3.规格：PC20\n4.安装方式：暗装敷设\n5.敷设形式及部位：综合考虑","m",{"v":570,"d":"570.00"},{"v":5.3,"d":"5.30"},{"v":3021,"d":"3021.00"}]
[6.14,"阻燃塑料管PC32","1.名称：电气配管\n2.材质：阻燃塑料管\n3.规格：PC32\n4.安装方式：暗装敷设\n5.敷设形式及部位：综合考虑","m",{"v":350,"d":"350.00"},8.63,{"v":3020.5,"d":"3020.50"}]
[6.15,"电线管开槽","1.名称：电线管开槽 \n2.规格综合 \n3.类型：综合\n4.填充（恢复）方式 ：综合考虑\n5.含剔槽、堵抹、调运砂浆、清理等工作内容","m",{"v":44,"d":"44.00"},{"v":9.2,"d":"9.20"},{"v":404.8,"d":"404.80"}]
[6.16,"吸顶灯 ","1.名称：吸顶灯（成套、含光源）\n2.规格：AC110~220V，75W，LED\n3.安装形式：吸顶暗装\n4.含灯具安装所需光源、金属软管、吊杆(链)、灯具附件（保护罩综合考虑）、焊压接线端子、补刷(喷)油漆、接地等；\n5.选用品牌：三雄极光、欧普、德力西品牌任选其一","套",{"v":1,"d":"1.00"},{"v":240,"d":"240.00"},{"v":240,"d":"240.00"}]
[6.17,"牛眼射灯","1.名称：牛眼射灯（成套、含光源）；\n2.规格：AC110~220V，75W，LED；\n3.安装形式：吸顶或嵌入暗装；\n4.含灯具安装所需光源、金属软管、吊杆(链)、灯具附件（保护罩综合考虑）、焊压接线端子、补刷(喷)油漆、接地等；\n5.选用品牌：三雄极光、欧普、德力西品牌任选其一","套",{"v":20,"d":"20.00"},{"v":150,"d":"150.00"},{"v":3000,"d":"3000.00"}]
[6.18,"LED防水型线型灯带","1.名称 、型号、规格 ：LED柔性灯带；\n2.规格类型：10W，暖白光，3000K以上，IP67\n3.安装形式、部位：吊顶4.8米；\n4.含灯具安装所需光源、变压器、灯具附件等\n5.满足招标人使用功能要求(材质、样式、颜色由招标人确定)；\n6.选用品牌：欧普、飞利浦、雷士品牌任选其一","m",123.42,74.75,9225.65]
[6.19,"LED灯带铝合金地脚线","1.材料规格：LED铝合金地脚线（弧形）；\n2.固定方式：自行考虑；\n3.其他：包含接线端子、变压器等安装，综合考虑在投标单价中；\n4.选用品牌：欧普、飞利浦、雷士品牌任选其一","m",{"v":85,"d":"85.00"},{"v":161,"d":"161.00"},{"v":13685,"d":"13685.00"}]
[{"v":6.2,"d":"6.20"},"COB柔性成品灯带","1.名称 、型号、规格 ：COB柔性灯带，带弧形1.2mm厚铝合金灯槽\n2.规格类型：12W，3000K以上，DC24V\n3.安装形式、部位：综合考虑\n4.含灯具安装所需光源、变压器、灯具附件等\n5.选用品牌：欧普、飞利浦、雷士品牌任选其一","m",45.28,{"v":120,"d":"120.00"},{"v":5433.6,"d":"5433.60"}]
[6.21,"COB柔性灯带","1.名称 、型号、规格 ：COB柔性灯带，不带灯槽\n2.规格类型：12W，3000K以上，DC24V\n3.安装形式、部位：综合考虑\n4.含灯具安装所需光源、变压器、灯具附件等\n5.选用品牌：欧普、飞利浦、雷士品牌任选其一","m",{"v":65,"d":"65.00"},{"v":60,"d":"60.00"},{"v":3900,"d":"3900.00"}]
[6.22,"不锈钢防爆接线箱","1.名称：不锈钢防爆接线箱\n2.型号：500×400×150\n3.含母排线、接地装置等\n4.安装高度：综合","台",{"v":1,"d":"1.00"},{"v":517.5,"d":"517.50"},{"v":517.5,"d":"517.50"}]
[6.23,"排气扇 BPT18-34A","1.名称：排气扇 BPT18-34A\n2.型号：风量265m3/h，全压210pa，功率0.036KW（220V），噪声≤46db，自带止回阀\n3.含加固支架等\n4.安装高度：综合","套",{"v":6,"d":"6.00"},{"v":235,"d":"235.00"},{"v":1410,"d":"1410.00"}]
[6.24,"φ150伸缩铝箔软风管","1.名称：φ150伸缩铝箔风管\n2.型号：消音功能，φ150\n3.含加固支架、接口处理等\n4.安装高度：综合","m",{"v":7.3,"d":"7.30"},{"v":35,"d":"35.00"},{"v":255.5,"d":"255.50"}]
[6.25,"φ200伸缩铝箔软风管","1.名称：φ200伸缩铝箔风管\n2.型号：消音功能，φ200\n3.含加固支架、接口处理等\n4.安装高度：综合","m",{"v":13.8,"d":"13.80"},{"v":42,"d":"42.00"},{"v":579.6,"d":"579.60"}]
["七","窗帘工程"]
[7.1,"窗帘智能轨道","1.名称：智能窗帘轨道\n2.包含：卡停扣、挂钩等零件\n3.满足规范及招标人使用功能要求；样式、颜色由招标人定样确定\n4.计量方式：单根轨道中心线长度计量","米",{"v":11,"d":"11.00"},74.75,{"$f":"F101*E101","v":822.25}]
[7.2,"智能电机A","1.名称：智能电机A\n2.功能：AC110~220V，45W，带蓝牙mesh组网功能，及遥控板\n3.满足规范及招标人使用功能要求；样式、颜色由招标人定样确定","套",{"v":1,"d":"1.00"},{"v":2875,"d":"2875.00"},{"v":2875,"d":"2875.00"}]
[7.3,"智能电机B","1.名称：智能电机B\n2.功能：AC110~240V，228W，扭矩50n*m，带蓝牙mesh组网功能，及遥控板\n3.满足规范及招标人使用功能要求；样式、颜色由招标人定样确定","套",{"v":1,"d":"1.00"},{"v":3680,"d":"3680.00"},{"v":3680,"d":"3680.00"}]
[7.4,"阻燃布艺窗帘","1.材质:定制阻燃布艺窗帘；\n2.样式：投标人报样，由甲方选样定样布艺、挂钩等；\n3.计量方式：展开面积计算。","m2",74.25,{"v":185,"d":"185.00"},13736.25]
[7.5,"阻燃纱布窗帘","1.材质:阻燃纱布窗帘；\n2.样式：投标人报样，由甲方选样定样布艺、挂钩等；\n3.计量方式：展开面积计算。","m2",74.25,{"v":98,"d":"98.00"},{"v":7276.5,"d":"7276.50"}]
["八","弱电工程"]
[8.1,"阻燃塑料管PC20","1.名称：电气配管\n2.材质：阻燃塑料管\n3.规格：PC20\n4.安装方式：暗装\n5.敷设形式及部位：综合考虑\n","m",{"v":180,"d":"180.00"},{"v":5.3,"d":"5.30"},{"v":954,"d":"954.00"}]
[8.2,"六类网线","1.名称：六类网线\n2.规格：CAT-6\n3.双绞线其他技术参数、外保护层/护套类型综合考虑 \n4.敷设部位及方式：室内/室外/穿管/桥架综合考虑\n5.含水晶头制作安装\n","m",{"v":180,"d":"180.00"},{"v":8,"d":"8.00"},{"v":1440,"d":"1440.00"}]
[8.3,"电话线","1.名称：电话线\n2.规格：HYA-2×1.0mm2\n3.敷设部位及方式：室内，暗装，距地0.3m\n4.含线头制作安装","m",{"v":20,"d":"20.00"},{"v":2.3,"d":"2.30"},{"v":46,"d":"46.00"}]
[8.4,"电话、网络、电视插口插座","1.名称：电话、网络、电视插座\n2.规格：包含网络模块、面板，面板采用标准“86”系列产品\n3.安装部位及方式：综合考虑","个",{"v":3,"d":"3.00"},{"v":23,"d":"23.00"},{"v":69,"d":"69.00"}]
[8.5,"防水双网络地插","1.名称：防水双网络地插\n2.规格：包含网络模块、面板，面板采用标准“86”系列产品\n3.安装部位及方式：综合考虑","个",{"v":1,"d":"1.00"},40.25,40.25]
[8.6,"接线盒","1.名称：接线盒 \n2.材质：详设计\n3.规格：与配管配套","个",{"v":3,"d":"3.00"},{"v":2.3,"d":"2.30"},{"v":6.9,"d":"6.90"}]
[8.7,"线管开槽","1.名称：线管开槽 \n2.规格综合 \n3.类型：砖墙 \n5.含划线、剔槽、堵抹、调运砂浆、清理等工作内容\n6.混凝土标准：详设计和招标文件综合考虑","m",{"v":18,"d":"18.00"},{"$f":"(F89)*1.15","v":10.58},190.44]
[8.8,"双绞线缆测试","1.名称：双绞线缆测试\n2.其他：满足设计、施工规范、相关技术及竣工验收要求","链路",{"v":8,"d":"8.00"},17.25,{"v":138,"d":"138.00"}]
[8.9,"感烟探测器","1.名称：感烟探测器\n2.型号、规格：详设计\n3.安装方式：吸顶安装\n4.含底座、本体调试、变压器、软线连接等\n5.其他：满足设计及规范要求、技术标准、招标文件、合同要求等","个",{"v":5,"d":"5.00"},86.25,431.25]
[{"v":8.1,"d":"8.10"},"室内弱电箱","1.名称：弱电成套配电箱\n2.型号：12U\n3.安装高度：距地0.5m","台",{"v":1,"d":"1.00"},{"v":550,"d":"550.00"},{"v":550,"d":"550.00"}]
[8.11,"焊接钢管SC15","1.名称：配管\n2.规格：焊接钢管SC15\n3.材质：钢管\n4.敷设方式：砖、混凝土结构暗配、明配及吊棚内综合考虑\n5.电气钢管支架应满足《建筑电气工程施工质量验收规范》\n6.保护管敷设及接地跨接满足设计及规范要求\n7.未尽事宜满足设计及现行技术、质量验收规范要求","m",{"v":10,"d":"10.00"},{"$f":"(2.35*5.2)*1.15","v":14.05},{"v":140.5,"d":"140.50"}]
[8.12,"焊接钢管SC20","1.名称：配管\n2.规格：焊接钢管SC20\n3.材质：钢管\n4.敷设方式：砖、混凝土结构暗配、明配及吊棚内综合考虑\n5.电气钢管支架应满足《建筑电气工程施工质量验收规范》\n6.保护管敷设及接地跨接满足设计及规范要求\n7.未尽事宜满足设计及现行技术、质量验收规范要求","m",{"v":165,"d":"165.00"},{"v":18.4,"d":"18.40"},{"v":3036,"d":"3036.00"}]
[8.13,"16口接入交换机","1.名称：16口接入交换机\n2.功能：16个10/100/1000M自适应电口,2个SFP千兆光口，交换容量不小于24Gbps，具体详设计 \n3.其他：满足设计、施工规范、相关技术及竣工验收要求","台",{"v":1,"d":"1.00"},{"v":920,"d":"920.00"},{"v":920,"d":"920.00"}]
["九","给排水工程"]
[9.1,"高压304不锈钢管 DE9.5×0.7","1.材质及规格 ：高压304不锈钢 DN10，DE9.5×0.7 工作压力200Kg；\n3.连接形式 ：焊接连接或专用连接件综合考虑，相关人工、机械、辅材、调试等相关费用均包含在报价内\n4.铺设、安装高度：离地4m，配套不锈钢管夹锚固于主体结构上或构件背面；\n5.管道检验及试验要求：按照《给水排水管道工程施工及验收规范》要求执行。所有给水管道安装完毕,均应严格按有关规范要求做管道试压试验并消毒。","m",{"v":125,"d":"125.00"},40.25,{"$f":"F121*E121","v":5031.25}]
[9.2,"高压304不锈钢管 DE15×0.8","1.材质及规格 ：高压304不锈钢 DN10， DE15×0.8 工作压力200Kg；\n3.连接形式 ：焊接连接或专用连接件综合考虑，相关人工、机械、辅材、调试等相关费用均包含在报价内\n4.铺设、安装高度：自行综合考虑；\n5.管道检验及试验要求：按照《给水排水管道工程施工及验收规范》要求执行。所有给水管道安装完毕,均应严格按有关规范要求做管道试压试验并消毒。","m",{"v":48,"d":"48.00"},63.25,{"$f":"F122*E122","v":{"v":3036,"d":"3036.00"}}]
[9.3,"孔径0.2mm不锈钢微喷头","1.材质及规格 ：孔径0.2mm不锈钢微喷头，不锈钢撞针喷头，带延长管500mm长（并含转接头、管件）\n2.连接形式 ：综合，相关人工、机械、调试、辅材等相关费用均包含在报价内\n3.安装露出高度 ：离地3.5m\n4.检验及试验要求：根据验收规范调试","个",{"v":60,"d":"60.00"},40.25,{"$f":"F123*E123","v":{"v":2415,"d":"2415.00"}}]
[9.4,"雾喷主机","1.材质及规格 ：15L智能驱蚊喷雾主机，含带加灭蚊药水箱及配套转接管件，工作压力4~7MPA，功率2200W，双出水口，带遥控、时控装置，带缺水与恒压及过载保护功能\n2.连接形式 ：综合考虑，含主机组装固定，进出水接头安装，相关人工、机械、辅材、调试等相关费用均包含在报价内\n3.安装位置、高度 ：甲方指定\n4.检验及试验要求：根据验收规范调试","套",{"v":1,"d":"1.00"},{"v":7475,"d":"7475.00"},{"$f":"F124*E124","v":{"v":7475,"d":"7475.00"}}]
[9.5,"PP-R给水管 DN15","1.名称：PP-R给水管\n2.介质：给水（冷水）\n3.规格：DN15，压力等级综合考虑\n4.材质：PP-R\n5.连接形式：热熔连接\n6.管道敷设部位及方式：综合考虑\n7.含管道、管件(包括带丝管件)制作、安装、管道标识\n8.包括管道支架、管卡、托钩等制作安装等","m",{"v":10,"d":"10.00"},{"v":6.9,"d":"6.90"},{"$f":"F125*E125","v":{"v":69,"d":"69.00"}}]
[9.6,"PP-R给水管 DN20","1.名称：PP-R给水管\n2.介质：给水（冷水）\n3.规格：DN20，压力等级综合考虑\n4.材质：PP-R\n5.连接形式：热熔连接\n6.管道敷设部位及方式：综合考虑\n7.含管道、管件(包括带丝管件)制作、安装、管道标识\n8.包括管道支架、管卡、托钩等制作安装等\n9.含水压试验、管道冲洗、消毒综合考虑","m",{"v":15,"d":"15.00"},{"v":9.2,"d":"9.20"},{"v":138,"d":"138.00"}]
[9.7,"PP-R给水管 DN32","1.名称：PP-R给水管\n2.介质：给水（冷水）\n3.规格：DN32，压力等级综合考虑\n4.材质：PP-R\n5.连接形式：热熔连接\n6.管道敷设部位及方式：综合考虑\n7.含管道、管件(包括带丝管件)制作、安装、管道标识\n8.包括管道支架、管卡、托钩等制作安装、除锈刷油以及预留孔洞、堵洞、凿槽等\n9.含水压试验、管道冲洗、消毒综合考虑","m",{"v":12,"d":"12.00"},12.65,{"v":151.8,"d":"151.80"}]
[9.8,"PE 排水管De75","1.安装部位：综合\n2.材质：PE 排水管\n3.型号、规格：DN75,环刚度SN4\n4.连接方式：粘接\n5.含管道灌水、闭水试验\n6.包括管道支架、管卡、托钩等制作安装等\n7.管件制作安装，各种管件综合考虑","m",{"v":22.5,"d":"22.50"},24.15,543.38]
[9.9,"PE 排水管De110","1.安装部位：综合\n2.材质：PE 排水管\n3.型号、规格：DN110,环刚度SN4\n4.连接方式：粘接\n5.含管道灌水、闭水试验\n6.包括管道支架、管卡、托钩等制作安装等\n7.管件制作安装，各种管件综合考虑","m",{"v":15,"d":"15.00"},37.95,569.25]
[{"v":9.1,"d":"9.10"},"成套防反溢不锈钢地漏 150×150mm","1.名称：成套防反溢不锈钢地漏 \n2.材质：不锈钢\n3.型号、规格：150×150mm\n4.安装方式：地砖内暗装\n5.其它：满足西南18J517-37-4/5做法","个",{"v":4,"d":"4.00"},132.25,{"v":529,"d":"529.00"}]
[9.11,"水管开槽","1.名称：水管开槽 \n2.规格综合 \n3.类型：综合\n4.填充（恢复）方式 ：综合考虑\n5.其它：满足设计及规范要求","m",{"v":15,"d":"15.00"},{"v":13.8,"d":"13.80"},{"v":207,"d":"207.00"}]
[9.12,"水钻钻孔DN75mm以内","1.名称：机械钻孔 \n2.规格：DN75mm以内\n3.类型 ：综合\n4.填充（恢复）方式：综合\n5.其它：满足设计及规范要求","个",{"v":3,"d":"3.00"},74.75,224.25]
[9.13,"水钻钻孔DN120mm以内","1.名称：机械钻孔 \n2.规格：DN120mm以内\n3.类型 ：综合\n4.填充（恢复）方式：综合\n5.其它：满足设计及规范要求","个",{"v":1,"d":"1.00"},109.25,109.25]
[9.14,"DE15 304不锈钢倒流防止器","1.材质及规格 ：DE15 304不锈钢倒流防止器；\n3.连接形式 ：焊接连接或专用连接件综合考虑，相关人工、机械、辅材、调试等相关费用均包含在报价内\n4.铺设、安装高度：自行综合考虑；\n5.管道检验及试验要求：按照《给水排水管道工程施工及验收规范》要求执行。所有给水管道安装完毕,均应严格按有关规范要求做管道试压试验并消毒。","个",{"v":1,"d":"1.00"},{"v":120,"d":"120.00"},{"v":120,"d":"120.00"}]
[9.15,"380×680×600mm混凝土集水井","1.规格:井内内控尺寸为380×680mm，井内综合高度600mm~400mm；\n2.做法：沟底沟壁150mm厚C25混凝土；沟壁采用20mm厚1:2防水砂浆抹面；\n3.井盖规格：450×750球墨铸铁篦子，采用水泥砂浆座浆，篦子四周采用水泥砂浆抹平；\n4.包含：模板一次性摊销，土石方开挖、回填、多余土石方周边平衡或弃置；","座",{"v":1,"d":"1.00"},{"v":850,"d":"850.00"},{"v":850,"d":"850.00"}]
["十","设备工程"]
[10.1,"音箱","1.名称：音箱\n2.型号、规格：220V，100W，10寸\n3.安装高度：挂壁距地2.5m，包含抱箍预制、安装、信号线电源线隐蔽式安装，抱箍需进行白色烤漆处理；\n4.包含：乙方送样，由甲方选样定样；\n5.品牌要求：JBL、yamaha、bose任选其一","套",{"v":3,"d":"3.00"},{"v":3450,"d":"3450.00"},{"$f":"F137*E137","v":{"v":10350,"d":"10350.00"}}]
["十一","室外工程"]
[11.1,"镀锌矩管氟碳漆格栅（吊桥桥墩）","1、格栅样式：投标人送样，由甲方选样；\n2、格栅材质：立管50×50镀锌矩管，立管间距110mm，矩管连接3mm厚镀锌钢板，横管矩形管40×40×3镀锌矩管，所有镀锌材质外喷黑色氟碳漆；\n3、格栅高度：现场甲方指定；\n4、其他：包含滑轨门制作2道、滑轨门可开启宽度大于1.2米，地轨道安装2.4米等；","m2",{"v":63,"d":"63.00"},{"v":350,"d":"350.00"},{"$f":"F139*E139","v":{"v":22050,"d":"22050.00"}}]
["十二","空调配合工程"]
[12.1,"钢筋混凝土反梁、墙体、盖板","1.部位：屋面；\n2.混凝土要求：C25商品混凝土；\n3.截面尺寸：500mm×300mm；\n4.钢筋型号：综合；\n5.其他：包含模板支撑、钢筋制安、混凝土浇筑，及所有材料垂直运输、水平运输；","m3",1.58,{"v":6325,"d":"6325.00"},{"$f":"F141*E141","v":{"v":9993.5,"d":"9993.50"}}]
[12.2,"钢筋混凝土屋面楼板开圆孔","1.楼板开洞尺寸：综合；\n2.用途：空调管线；","个",{"v":3,"d":"3.00"},{"v":138,"d":"138.00"},{"$f":"F142*E142","v":{"v":414,"d":"414.00"}}]
[12.3,"钢筋混凝土屋面楼板凿矩形洞","1.楼板开洞尺寸：600×450mm；\n2.用途：空调管线、风口；","个",{"v":1,"d":"1.00"},{"v":115,"d":"115.00"},{"v":115,"d":"115.00"}]
[12.4,"屋面4.0mm厚SBS改性沥青防水卷材基层修补","1.基层：20mm厚1:3水泥砂浆找平层；\n2.防水卷材：4.0mm厚SBS改性沥青防水卷材，遇墙上返250mm；\n3.计量方式：防水铺贴展开面积（不含搭接）","m2",{"v":12,"d":"12.00"},{"v":70,"d":"70.00"},{"v":840,"d":"840.00"}]
[12.5,"屋面防水4.0mm厚SBS改性沥青耐根穿刺防水卷材","1.防水卷材：4.0mm厚SBS改性沥青耐根穿刺防水卷材；\n2.其他：包含搭接、铺设方式综合，考虑在报价中","m2",{"v":8,"d":"8.00"},{"v":75,"d":"75.00"},{"v":600,"d":"600.00"}]
[12.6,"防水保护层20mm1：3水泥砂浆保护层","1.部位：屋面、屋顶墙面；\n2.砂浆规格：20mm厚1:3水泥砂浆；","m2",{"v":12,"d":"12.00"},{"v":28,"d":"28.00"},{"v":336,"d":"336.00"}]
[12.7,"铝合金防雨百叶（带防尘网）","1.部位：屋面检修孔墙面；\n2.材料规格、型号：铝合金防雨百叶（带防尘网），规格自行考虑；\n3.固定方式：自行考虑","m2",{"v":1.8,"d":"1.80"},{"v":747.5,"d":"747.50"},{"v":1345.5,"d":"1345.50"}]
[12.8,"米黄色仿石漆","1.颜色、纹理：同现有外墙一致；\n2.仿石漆遍数：两遍；\n3.基层处理：防水腻子两遍；","m2",{"v":8.5,"d":"8.50"},{"v":103.5,"d":"103.50"},879.75]
["十三","门窗改造工程"]
[13.1,"钢化中空弧形玻璃8Low-E（双银）+12Ar+8mm","1.幕墙类型：玻璃开风口；\n2.玻璃要求：弧形中空玻璃8Low-E（双银）+12Ar+8mm；\n3.工作内容：玻璃安装、新安玻璃风口预留、加固铝合金边框、密封胶打胶等所有工作；\n","m2",2.64,{"v":1265,"d":"1265.00"},{"$f":"F150*E150","v":{"v":3339.6,"d":"3339.60"}}]
[13.2,"钢化中空玻璃8Low-E（双银）+12Ar+8mm拆除","1.拆除内容：玻璃幕墙及龙骨；\n2.拆除要求：玻璃外运弃置，龙骨自行切割平整，自行处置，不计残值费扣除，综合考虑在单价中","m2",5.28,{"v":92,"d":"92.00"},485.76]
[13.3,"钢化中空弧形玻璃8Low-E（双银）+12Ar+8mm","1.玻璃要求：弧形中空玻璃8Low-E（双银）+12Ar+8mm；\n2.工作内容：玻璃安装、密封胶打胶等所有工作；\n3.计量方式：弧形面积；","m2",2.64,{"v":1127,"d":"1127.00"},2975.28]
[13.4,"弧形铝合金地弹门","1.地弹门：详幕墙专项设计，地弹簧：包含地弹簧、地弹簧做法详已安装类型；\n2.门套尺寸及做法:详设计图纸\n3.玻璃品种、厚度：弧形8low-e+12A+8双钢化中空low-e玻璃\n4.固定方式：根据现场要求满足规范要求\n5.嵌缝、塞口材料种类：详见设计图\n6.拉手：详现场尺寸，材质与现场一致；\n7.龙骨：详现场已安装门窗综合考虑；\n8.包含但不限于辅材、预埋铁件等均已综合考虑、不再另行计算","m2",2.64,{"v":1500,"d":"1500.00"},{"v":3960,"d":"3960.00"}]
["十四","其他工程",{"$nulls":3},{"v":0,"d":"0.00"}]
[14.1,"脚手架体工程","1.搭设高度：综合；\n2.超高：综合项目现场考虑；\n3.搭设架体类型：需满足建设单位、监理单位现场管理要求，施工前后期架体变化，维护期使用架体等费用，自行考虑在综合单价中；","项",{"v":1,"d":"1.00"},{"v":30360,"d":"30360.00"},{"v":26400,"d":"26400.00"}]
[14.2,"发电机补偿费","1.发电机型号：自行综合考虑，满足动火动焊要求；\n2.动力费：油费自行考虑在单价中；\n3.其他：满足甲方安全生产、文明施工要求","台班",{"v":60,"d":"60.00"},{"v":805,"d":"805.00"},{"$f":"F156*E156","v":{"v":48300,"d":"48300.00"}}]
["合计",{"$nulls":5},{"$f":"SUM(G6:G156)","v":866443.27}]
["注：\n1.工程量计算规则：除已注明清单计量规则外，按四川省2020定额计量规则计算。\n2.投标人根据施工图、施工工艺、工序及国家最新现行规范、自行踏勘现场后综合考虑进行报价，结算时单价不作调整;\n3.全费用综合单价包含人工费、所有材料费（含辅材和周转材料费）、机械设备费、工具器具费、临时设施及措施费、小型机械转运材料降效费、大型机械进出场及场内转运费、送样定样费、单独使用发电机费、甲供材二次转运费、吊装费、规费、管理费、配合费、安全文明施工费、以及各种风险费、保险费、施工过程中办理的各种手续费、降水费、排水费、竣工图制作费、各种检测费、利润、税费等完成该工作所需的全部费用，结算时无论涨跌、工程量增减或其它任何风险因素，均不作调整。                                                                                                                            \n4.现场安全环保文明施工管理要求：（1）由公司统一发放印有“兴绿园林”字样和LOGO的安全帽和反光背心，班组按实名制领取，使用完后交回项目部，否则按采购费用扣款，其余参照合同附件中安全环保管理协议执行。（2）现场雾炮机由乙方提供，投标单位需安排人员管理使用、维修，人工费、油费及管理费用综合考虑到投标报价中，不单独计取。（3）防尘网由乙方自行提供，投标单位安排人员进行覆盖、回收、现场转移等；所有成品保护有承包人提供。\n5.该综合单价已包括垃圾外运、消纳费用，承包人自行综合在已有清单中考虑，未列入清单考虑在相应的每项报价中。                            \n6.施工中用电由投标人采用发电机发电，所用临时配电箱、用电线路、开关箱、机具等所有材料、设备及安装费用含在综合单价中。                                                                                                                                                                                                                                                                                                            7.甲供材料下车费用和场内二次或多次转运费用由投标人综合考虑，包含在报价内。                                                                                                                                         \n8.投标人对于现场已安装材料具有保管义务、保护义务，遗失或损坏，应照价赔偿。\n9.本次采用全费用单价报价形式，最高限价为866443.27元，施工单位所报价高于最高限价的为无效报价，采购人不予接受。同时在工程量清单中公布最高费用单价限价，施工单位的全费用单价限价，施工单位的全费用单价也不得超过最高全费用单价限价，否则，采购人将予以拒绝。\n\n   \n                                                                                                   报价单位（公章）：\n                                                                                                   法人或委托代理人及电话：\n                                                                                                   时间："]